Pavitar papi (Record no. 17200)
[ view plain ]
| 000 -LEADER | |
|---|---|
| fixed length control field | 00331nam a2200157Ia 4500 |
| 003 - CONTROL NUMBER IDENTIFIER | |
| control field | RNL |
| 008 - FIXED-LENGTH DATA ELEMENTS--GENERAL INFORMATION | |
| fixed length control field | 090707b ii f a fnsan d |
| 040 ## - CATALOGING SOURCE | |
| Original cataloging agency | eng |
| 100 ## - MAIN ENTRY--PERSONAL NAME | |
| Personal name | Nanak Singh |
| 245 ## - TITLE STATEMENT | |
| Title | Pavitar papi |
| 260 ## - PUBLICATION, DISTRIBUTION, ETC. | |
| Place of publication | Amtirsar |
| 260 ## - PUBLICATION, DISTRIBUTION, ETC. | |
| Name of publisher | Lok Sahit Prakashan |
| 260 ## - PUBLICATION, DISTRIBUTION, ETC. | |
| Year of publication | 2003 |
| 300 ## - PHYSICAL DESCRIPTION | |
| Number of Pages | 167p. |
| 942 ## - ADDED ENTRY ELEMENTS (KOHA) | |
| Koha item type | Books |
| Accession Number | Cost, replacement price | Lost status | Damaged status | Price effective from | Koha item type | Not for loan | Collection code | Withdrawn status | Home library | Current library | Shelving location | Date acquired | Cost, normal purchase price |
|---|---|---|---|---|---|---|---|---|---|---|---|---|---|
| 35678 | 60.00 | 10/02/2018 | Books | Punjabi Department Books | RCL | RCL | General Stacks | 10/02/2018 | 60.00 | ||||
| 44780 | 60.00 | Books | Punjabi Department Books | RCL | RCL | General Stacks | 60.00 | ||||||
| 47376 | 60.00 | Books | Punjabi Department Books | RCL | RCL | General Stacks | 60.00 |


